| 000 | 003550000a22001330004500 | ||
|---|---|---|---|
| 090 |
_aAR _b00159 |
||
| 245 | 1 | 0 | _aLaminin ß2 (<S-Laminin>): a new playes at the synapse |
| 650 | 1 | 4 |
_aFisiología _915628 |
| 650 | 1 | 4 |
_aNeurología _993028 |
| 041 | 0 | _aInglés | |
| 100 | 1 |
_aHall, Zach W. _993029 |
|
| 942 | _cARTICULO | ||
| 773 | 1 |
_tScience _3685 _q362-363 _d1995 _g269 |
|
| 999 |
_c9260 _d9260 |
||